[Event "XV Weekend"]
[Site "Cavarzere ITA"]
[Date "2012.10.28"]
[Round "6"]
[White "Negro, Roberto"]
[Black "Xia, Jie"]
[WhiteElo "2106"]
[BlackElo "2243"]
[Result "1/2-1/2"]
[PlyCount "55"]
[EventDate "2012.10.20"]

1. d4 Nf6 2. Nf3 g6 3. Nc3 c5 4. d5 d6 5. e4 Bg7 6. Bb5+ Nfd7 7. a4 O-O 8. O-O
Na6 9. Nd2 Nc7 10. Be2 Rb8 11. Nc4 Ne5 12. Na3 f5 13. f4 Nf7 14. exf5 gxf5 15.
Bf3 Bd7 16. Re1 a6 17. Nc4 b5 18. axb5 Nxb5 19. Ne2 Nc7 20. c3 e5 21. dxe6 Bxe6
22. Na5 Qh4 23. Ng3 Rbe8 24. Bc6 Re7 25. Qh5 Qxh5 26. Nxh5 Nd8 27. Bf3 Rfe8 28.
Rd1 1/2-1/2

[Event "XV Weekend"]
[Site "Cavarzere ITA"]
[Date "2012.10.28"]
[Round "6"]
[White "Santagati, Marco"]
[Black "Gallo, Enrico"]
[WhiteElo "1599"]
[BlackElo "2099"]
[Result "0-1"]
[PlyCount "88"]
[EventDate "2012.10.20"]

1. d4 Nf6 2. Nc3 c5 3. d5 e6 4. Bg5 d6 5. e4 e5 6. Bb5+ Nbd7 7. Nge2 Be7 8. Ng3
a6 9. Be2 Nf8 10. O-O Nxd5 11. Nxd5 Bxg5 12. Nh5 Ne6 13. a3 g6 14. f4 exf4 15.
Nhxf4 O-O 16. Nh3 Bh6 17. Qe1 Bg7 18. c3 Bd7 19. Bc4 b5 20. Ba2 c4 21. Rd1 Nc5
22. Bb1 Bxh3 23. gxh3 Be5 24. Qf2 f6 25. Qg2 Ra7 26. Nb4 Qe8 27. Qd2 Kh8 28.
Rf2 g5 29. Rg2 Rg7 30. Re1 Qh5 31. Bc2 Qxh3 32. Bd1 Bf4 33. Qf2 a5 34. Bg4 Qh6
35. Nc2 Nd3 36. Qe2 Nxe1 37. Qxe1 Re7 38. Nd4 Qg6 39. Bf5 Qe8 40. Re2 Re5 41.
Qf1 Rf7 42. Qg2 Rfe7 43. Kf2 d5 44. Nf3 Rxf5 0-1